000 00371nam a2200133Ia 4500
008 220204s9999 xx 000 0 und d
082 _a582.4
_bKAU
100 _aMohan L H
245 0 _aMale sterility in higher plants
260 _aLondon
_bSpringer Verlag
_c1988
490 _aMonographs on theoretical and applied genetics 10
650 _aMale sterility
942 _cBK
999 _c39851
_d39851